Tout les personnages Disney en images - Statistiques

Statistiques générales
  • Ce quiz a été pris 46 fois
  • Le résultat moyen est 113 sur 461
Statistiques - réponses
Par images Hint Réponse % Correct
A Aladdin
97%
A Alice
97%
A Anna
97%
A Abu
94%
A Ariel
94%
B Bambi
94%
B Belle
94%
B Blanche-neige
94%
B Bourriquet
94%
B Buzz l'éclair
94%
C Capitaine Crochet
94%
C Cendrillon
94%
A Atchoum
91%
A Aurore
91%
B Baloo
91%
B La bête
91%
C Clochette
89%
C Cruella d'Enfer
89%
D Dumbo
89%
E Elsa
89%
J Jasmine
89%
J Joie
89%
B Bianca
86%
C Clochard
86%
D Daisy Duck
86%
D Dingo
86%
D Dormeur
86%
G Génie
86%
H Hades
86%
H Hercule
86%
J Jafar
86%
J Joyeux
86%
C Colère
83%
D Donald Duck
83%
E Esmeralda
83%
G Grincheux
83%
K Kuzco
83%
M Mickey Mouse
83%
A Anastasie de Trémaine
80%
C Chapelier fou
80%
D Duchesse
80%
F Flash Mcqueen
80%
F Fourchette
80%
G Gaston
80%
G Gus
80%
J Javotte
80%
L Lilo Pelekai
80%
M Maléfique
80%
M Merlin
80%
A Arlo
77%
A Arthur
77%
B Bernard
77%
G Geppetto
77%
J Judy Hopps
77%
B Big Ben
74%
B Bob Rasowski
74%
D Dégoût
74%
F Fleur
74%
H Hans
74%
L Lumière
74%
B Bruno Madrigal
71%
E Edna Mode
71%
J Jiminy Cricket
71%
L Lady
71%
M Marie
71%
J Jessie
69%
B Bagheera
66%
B Basil
66%
B Berlioz
66%
F Flash Slothmore
66%
F Flynn Rider
66%
I Iago
66%
J Jack Skellington
66%
L Lapin Blanc
66%
M Maximus
66%
M Mégara
66%
J John Smith
63%
L Lucifer
60%
A Armoire
57%
B Bing Bong
57%
C Coco lapin
57%
F Fée Bleue
57%
F Flèche Parr
57%
G Gazelle
57%
J Jaq
57%
J Jean
57%
K Kristoff
57%
L Lotso
57%
L Luca Paguro
57%
A Archimède
54%
C Chicken Little
54%
E Edgar
54%
K Koda
54%
C Charlotte Leboeuf
51%
D Docteur Facilier
51%
H Hei hei
51%
I Isabela Madrigal
51%
J Jean-Christophe
51%
A Angel
49%
B Baymax
49%
C Claude frollo
49%
D Doug
49%
A Anita Radcliffe
46%
A Asha
46%
C Cléo
46%
F Félix Fix Jr.
46%
L Linguini
46%
A Alberto Scorfano
43%
C Clayton
43%
F Flora
43%
G Gusteau
43%
L Luisa Madrigal
43%
C Crush
40%
F Frida Kahlo
40%
H Héra
40%
H Hiro Hamada
40%
A Aphrodite
37%
D Darla
37%
D Dodo
37%
F Frozone
37%
L Louis
37%
M Madame de Trémaine
37%
M Madame Mim
37%
E Elena Castillo Flores
34%
H Hank
34%
H Hermès
34%
M Max Goof
34%
C Chef Bogo
31%
C Clarabelle Cow
31%
C Cobra Bubbles
31%
J Jasper
31%
L Lefou
31%
L Lily la tigresse
31%
A Arès
29%
A Astrid
29%
C Chat du Cheshire
29%
D David Kawena
29%
D Dolores Madrigal
29%
D Duc de Weselton
29%
E Elizabeth Fredricksen
29%
H Horace
29%
K Kala
29%
L Li Shang
29%
L Louie
29%
A Antonio Madrigal
26%
A Artémis
26%
B Big mama
26%
C Chef indien
26%
D Dinah
26%
F Féline
26%
J Jumba Jookiba
26%
L Lièvre de Mars
26%
M Mary Darling
26%
A Adélaïde de Bonnefamille
23%
A Apollon
23%
A Athéna
23%
B Benjamin Clawhauser
23%
B Bill le lézard
23%
C Camilo Madrigal
23%
C Colonel
23%
D Dame Gertrude
23%
E Empereur de chine
23%
F Flit
23%
F Frère Tuck
23%
F Frou-Frou
23%
G Gédéon
23%
G Grand-Coquin
23%
H Hubert
23%
J Jim Hawkins
23%
K Kerchak
23%
A Abby Mallard
20%
A Akela
20%
B Bouton d'or
20%
C César
20%
C Charpentier
20%
C Clopin
20%
C Corail
20%
D Djali
20%
D Doc Hudson
20%
G George Darling
20%
M Meiko
20%
A Achille
17%
A Aladar
17%
A Amos Slade
17%
A Angélique
17%
C Capitaine
17%
C Carl Fredricksen
17%
C Crapule
17%
H Hannah Philips
17%
H Helios
17%
H Héphaïstos
17%
J Jock
17%
K Kocoum
17%
M Madame Jumbo
17%
A Alameda Slim
14%
A Alma Madrigal
14%
A Amphitryon
14%
B Boby
14%
B Brutus / (Néron)
14%
C Capitaine Amélia
14%
C Chef
14%
D Déméter
14%
E Eloïse / Eilonwy
14%
E Evinrude
14%
G Georgette
14%
G Gideon Grey
14%
J Jack
14%
A Archimède Q.Porter
11%
A Auto
11%
B Bruni
11%
C Chi-fu
11%
C Clarisse
11%
C Colonel Hathi
11%
E Ecran
11%
F Fred Frederickson
11%
G Georges Hautecourt
11%
G Go Go Tomago
11%
G Grand-mère Fa
11%
I Isabel Castillo Flores
11%
J Jack la chance
11%
J Jennifer Forworth
11%
J Joanna
11%
J Julieta Madrigal
11%
K Kay
11%
K Khan
11%
L Lawrence
11%
L Lenny
11%
L Luigi
11%
A Abigaëlle
9%
B Ben
9%
B Bill
9%
B Bongo
9%
B Boris
9%
B Boulard
9%
B Bourricot
9%
B Buck
9%
B Bull
9%
C Chaca
9%
C Cody
9%
C Cornélius Ecoutum
9%
C Corniaud
9%
D Danois
9%
D Deb
9%
D Denahi
9%
D Diablo
9%
D Dinky
9%
D Django
9%
D Duke Weaselton
9%
E Einstein
9%
F Fagin
9%
F Félix Madrigal
9%
F Frère Renard
9%
F Fru-Fru
9%
G George Sanderson
9%
G Gripsou
9%
J Jacques
9%
K Karting
9%
L La rocaille
9%
M Miss Tick
9%
A Abigail Callaghan
6%
A Agnarr
6%
A Amadou Gentil
6%
A Amaya
6%
A Annie Bouée
6%
A Anthony Rydinger
6%
A Attila
6%
A Audrey Ramirez
6%
B Babyface
6%
B Bandar-log
6%
B Bonnie Hopps
6%
C Carl
6%
C Carlotta
6%
C Cass Hamada
6%
C Chad
6%
C Clara Cluck
6%
C Clinton Ecoutum
6%
C Colley
6%
C Croquenote
6%
D Dahlia
6%
D David Q.Dawson
6%
D Dawn Bellwether
6%
D Démétrius
6%
D Dindon Léon
6%
E Eboy
6%
F Fantôme des Noëls futurs
6%
F Fa Zhou
6%
F Félicia
6%
F Francis
6%
F Frank
6%
F Frère Lapin
6%
G Gontran Bonheur
6%
H Humphrey L'ours
6%
I Ichabod Crane
6%
J James
6%
L La muraille
6%
B Le barman
6%
L Lewis Robinson
6%
M Major
6%
A Abner
3%
A Abner Dixon
3%
A Agent
3%
A Agustin Madrigal
3%
A Aigre Bill
3%
A Alcmène
3%
A Alistair Krei
3%
A Ambassadeurs
3%
A Ambrister Minion
3%
A Ambrose
3%
A Amos
3%
A Andy la fourmi
3%
A Annie
3%
A Archidiacre de Notre-Dame
3%
A Art Framagucci
3%
A Axel le forain
3%
B Baltus Van Tassel
3%
B Barry / Bob
3%
B Bartholomée
3%
B Baylene
3%
B Bazeema
3%
B Bernie Kropp
3%
B Billie Robinson
3%
B Billy Bones
3%
B Billy Boss
3%
B Black Bart
3%
B Blanche la mouette
3%
B Blenny
3%
B Bluebelle
3%
B Bobby Catmull
3%
B Bobby / Paula
3%
B Bob Peterson
3%
B Boun
3%
B Bruton
3%
B Buck
3%
B Bucky l'écureuil
3%
B Bud Robinson
3%
B Buster
3%
B Butch
3%
C Callisto Mal
3%
C Carla Benitez
3%
C Chasseur Humbert
3%
C Chet Alexander
3%
C Clyde
3%
D Dang Hu
3%
D Dario
3%
D Delbert Doppler
3%
D Demoiselle souris
3%
D Démon Arlequin
3%
D Destructor
3%
D Dez
3%
D Dharma Armadillo
3%
D Diazo
3%
D Dirty Bill
3%
D Doris
3%
E Earl Thompson
3%
E Eema
3%
E Eros
3%
E Ethan Clade
3%
F Fa Li
3%
F Fantôme des Noëls présents
3%
F Fantômes des Noëls passés
3%
F Ferdinand
3%
F Fidget
3%
F Franny Framagucci
3%
G Gabo
3%
G Gambettes
3%
G Gauchito
3%
G Gazeem
3%
G Général Li
3%
G George Gershwin
3%
G Gérald
3%
G Grace
3%
G Grignotin
3%
H Hamish / Harris/ Hubert
3%
H Hathi Junior
3%
H Henry
3%
H Héraut
3%
H Honey Lemon
3%
I Igor
3%
I Iris
3%
J John Walker
3%
K Kekata
3%
V La volière
3%
L Leodore Lionhearth
3%
L Lisa
3%
L Lizzy
3%
L Loto
3%
L Lucy
3%
L Luke
3%
M Mabel
3%
M Miss Bunny
3%
A Archevêque de Cantorbéry
0%
E Emmitt Otterton
0%
E Ena
0%
E Ester
0%
E Eudora
0%
F Fabienne Growley
0%
F Faloo
0%
F Farouk
0%
F Fenton Q. Harcourt
0%
F Finnick
0%
F Flairsou
0%
F Flex
0%
F Flunky
0%
F Flying John
0%
F Foo-Foo
0%
F Fournaise
0%
F François
0%
F François Dupuis
0%
F Frank
0%
F Frankie
0%
F Frank McCay
0%
F Fritz
0%
F Fritz Robinson
0%
F Furie
0%
G Gaston Framagucci
0%
G Geno / Gurri
0%
G Git
0%
G Goldie
0%
G Grace Martin
0%
G Greno
0%
G Grimsby
0%
G Grognard
0%
H Hal
0%
H Heathcliff
0%
H Helga Sinclair
0%
H Henrietta
0%
H Henry Blaise
0%
H Hit Cat
0%
H Horst
0%
I Ida
0%
I Ipi
0%
I Ithiclès
0%
I Ivan
0%
J Jacchus
0%
J Jake Shafer
0%
J Javier Rios
0%
J Jeb
0%
J Jingle Joe
0%
J Joe Robinson
0%
J Jordan
0%
J Joseph
0%
K Kardez
0%
K Kele
0%
K Kidagakash Nedakh
0%
K Koslov
0%
K Krebbs
0%
K Kron
0%
L Lalo
0%
L Larousse
0%
L Larry le canard
0%
L Laszlo Robinson
0%
L Lefty
0%
L Libby
0%
L Lon
0%
L Lucille Krunklehorn
0%
M Madame Andersen
0%
M Madame Davis
0%
M Mildred
0%
M Miss Frappe
0%
M Miss Kitty
0%
M Monsieur Andersen
0%
Aucun quiz correspondant
Distribution des résultats
% des personnes avec chaque résultat
Percentile par nombre de réponses
Votre historique - résultats
Vous n’avez pas pris ce quiz